00516nam a2200193Ia 450000500170000000800410001702000230005804000190008104100120010008200150011210000180012724500490014526000410019430000150023550400260025065000180027665100180029485000100031220230801112602.0131103s9999 xx 000 0 und d a8185891397cRs 400 aLoreto College aEnglish a551.4bGUP aGupta, S.N.P. aGeomorphology of Damodar BasincS.N.P. Gupta aNew DelhibRajesh Publicationsc2004 axiii,234p  aIncludes bibliography aGeomorphology aDamodar Basin aLCLIB